|
|
|
|
| LEADER |
00832nam a2200193 a 4500 |
| 001 |
4091884 |
| 008 |
100222s1972 cc a 000 0 eng d |
| 010 |
|
|
|a 73172333
|
| 040 |
|
|
|a DLC
|c DLC
|d DLC
|d BD-DhAAL
|
| 082 |
0 |
0 |
|a 165
|2 17
|
| 245 |
0 |
0 |
|a Philosophy is no mystery: peasants put their study to work.
|
| 260 |
|
|
|a Peking,
|b Foreign Languages Press,
|c 1972.
|
| 300 |
|
|
|a 74 p.
|b illus.
|c 20 cm.
|
| 500 |
|
|
|a "Collection of accounts from Chinchien Production Brigade of Kiangshan County, Chekiang Province."
|
| 541 |
1 |
|
|e 00001641
|
| 600 |
1 |
0 |
|a Mao, Zedong,
|d 1893-1976.
|t Mao dun lun.
|
| 852 |
4 |
|
|a Ayesha Abed Library
|j General shelf
|
| 999 |
|
|
|c 7634
|d 7634
|
| 952 |
|
|
|0 0
|1 0
|2 ddc
|4 1
|6 165_PHI_197200000000000
|7 0
|9 8344
|a BRACUL
|b BRACUL
|c GEN
|d 2010-02-22
|g 0.00
|l 1
|m 6
|o 165 PHI
|p 3010001641
|r 2011-12-15
|s 2011-10-24
|t 1
|w 2010-02-22
|y BK
|z Not price in Register
|